Value <das> Beratermagazin

Gespeichert in:
Bibliographische Detailangaben
Format: Schriftenreihe
Sprache:Deutsch
Veröffentlicht: Karlsruhe Verlag Versicherungswirtschaft 2015
Schlagworte:
Tags: Tag hinzufügen
Keine Tags, Fügen Sie das erste Tag hinzu!

MARC

LEADER 00000nas2a2200000 4500
001 0262824
005 20200228153124.9
022 |a 2363-5495 
041 0 |a ger 
044 |a DE 
245 1 0 |a Value  |b <das> Beratermagazin 
264 1 |a Karlsruhe  |b Verlag Versicherungswirtschaft  |c 2015 
500 |a chýba č. 1 
773 0 |w eu_un_cat*0200340 
610 2 0 |a poisťovníctvo 
610 2 0 |a poradenstvo 
610 2 0 |a kvalita 
610 2 0 |a poistenie